Pattupattu/

Saved in:
Bibliographic Details
Format: Book
Published: Sri Lanka Jaffna College 2024
Edition:1st ed
Tags: Add Tag
No Tags, Be the first to tag this record!

MARC

LEADER 00000nam a22000007a 4500
082 |a 811  |b CHE 
245 |a Pattupattu/ 
250 |a 1st ed 
260 |a Sri Lanka  |b Jaffna College  |c 2024 
300 |a 253 P.  |b ill 
942 |c BK 
999 |c 42600  |d 42600